Library of the University of Algiers 3
Ibrahim Sultan Cheibout
شعار جامعة الجزائر 3
مكتبة جامعة الجزائر 3
إبراهيم سلطان شيبوط

حقوق الملكية الفكرية و أثرها الاقتصادي / (رقم التسجيلة. 43854)

تفاصيل مارك
000 -LEADER
fixed length control field 01835nam a2200217Ia 4500
003 - CONTROL NUMBER IDENTIFIER
control field Ost
005 - DATE AND TIME OF LATEST TRANSACTION
control field 20260507075310.0
008 - FIXED-LENGTH DATA ELEMENTS--GENERAL INFORMATION
fixed length control field 260507s9999||||xx |||||||||||||| ||und||
020 ## - INTERNATIONAL STANDARD BOOK NUMBER
International Standard Book Number 1571217977
040 ## - CATALOGING SOURCE
Transcribing agency fsecg
041 ## - LANGUAGE CODE
Language code of text/sound track or separate title ara
082 ## - DEWEY DECIMAL CLASSIFICATION NUMBER
Classification number 330
100 ## - MAIN ENTRY--PERSONAL NAME
Personal name عبد الرحمان، عبد الرحيم عنتر
Relator term مؤلف
245 #0 - TITLE STATEMENT
Title حقوق الملكية الفكرية و أثرها الاقتصادي /
Statement of responsibility, etc. عبد الرحيم عنتر عبد الرحمان
260 ## - PUBLICATION, DISTRIBUTION, ETC.
Place of publication, distribution, etc. الاسكندرية:
Name of publisher, distributor, etc. دار الفكر الجامعي,
Date of publication, distribution, etc. 2009
300 ## - PHYSICAL DESCRIPTION
Extent 545 صفحة؛
Dimensions 24 سم
520 ## - SUMMARY, ETC.
Summary, etc. 1)التطور التاريخي لحقوق الملكية الفكرية : حقوق الملكية الفكرية قبل اتفاقية التريبس ، التريبس و حماية حقوق الملكية الفكرية و الملامح العامة لقانون حماية حقوق الملكية الفكرية المصري رقم 82 لسنة 2002؟، الرؤية العالمية بشأن حماية المعلومات غير المفصح عنها 2)التريبس و رفع مستويات حماية حقوق الملكية الفكرية : إنفاذ حقوق الملكية الفكرية و معايير حمايتها ، منع و تسوية المنازعات 3) أثر تطبيق اتفاقية التريبس على اقتصاديات الدول النامية : حماية الملكية الفكرية من المنظور الاقتصادي ، الأثر الاقتصادي لحماية حقوق الملكية الفكرية ، أثر حماية حقوق الملكية الفكرية على البحث و التطوير ، حقوق الملكية الفكرية و نقل التكنولوجيا.
653 ## - INDEX TERM--UNCONTROLLED
Uncontrolled term الملكية الفكرية
653 ## - INDEX TERM--UNCONTROLLED
Uncontrolled term براءات الاختراع
942 ## - ADDED ENTRY ELEMENTS (KOHA)
Koha item type كتب
المقتنيات
Withdrawn status Lost status Source of classification or shelving scheme Damaged status Not for loan Home library Current library Date acquired Serial enumeration / chronology Inventory number Total checkouts Full call number Barcode Date last seen Price effective from Koha item type
    Dewey Decimal Classification   NOT LOAN / إعارة داخلية مكتبة كلية العلوم الإقتصادية والعلوم التجارية وعلوم التسيير مكتبة كلية العلوم الإقتصادية والعلوم التجارية وعلوم التسيير 07/05/2026 الطابق الأرضي 2011/17275   أ/3828ن1 2011/17275 07/05/2026 07/05/2026 كتب
    Dewey Decimal Classification   Available مكتبة كلية العلوم الإقتصادية والعلوم التجارية وعلوم التسيير مكتبة كلية العلوم الإقتصادية والعلوم التجارية وعلوم التسيير 07/05/2026 الطابق الأرضي 2011/17276   أ/3828ن2 2011/17276 07/05/2026 07/05/2026 كتب
    Dewey Decimal Classification   Available مكتبة كلية العلوم الإقتصادية والعلوم التجارية وعلوم التسيير مكتبة كلية العلوم الإقتصادية والعلوم التجارية وعلوم التسيير 07/05/2026 الطابق الأرضي 2011/17277   أ/3828ن3 2011/17277 07/05/2026 07/05/2026 كتب

موارد الويب المفتوحة


© University of Algiers 3 All Rights Reserved
|
Implemented by LECHELAH Riad